00688nam a22001937a 450000500170000001000150001702000260003203500130005803700130007108200110008410000240009524500600011926000420017927000720022130000210029394200250031499900170033995201380035620140905105909.0 aENG-110743 a9788183875233c795.00 aEN-94275 bDBAD/PUB a155.25 aSunakall, Roopa. S. aThe development of personality /cby Roopa. S. Sunakall aNew DelhibSerials Publicationsc2011 a4830/24, Prahlad Street, Ansari Road, Darya GanjbNew Delhie110002 a204p. c22cm(Hb) 2ddccENh155.25mSUN c88304d88304 001040718NFICaDBADbDBADd2014-09-04eDBAD / PUBg795.00l0o155.25 SUNpEN-94275r2014-09-04 00:00:00t1v795.00w2014-09-04yEN